Представление документа в формате RUSMARC

ПолеНазваниеЗначение
  Тип записи a
  Библиографический уровень m
001 Контрольный номер RU/REG73/CBS_GRAD/ab61ac9141f34698a98bd3689a00277a
005 Дата корректировки 20260324165448.3
010 Индекс ISBN __
9 Тираж 75000 экз.
100 Данные общей обработки __
a Данные общей обработки 20260324d1986 |||y0rusy0189## ca
101 Язык документа 0_
a Язык текста rus
102 Страна публикации __
a Страна публикации RU
105 Кодированные данные (монография) __
a Кодированные данные (монография) a z 000yy
200 Заглавие и сведения об ответственности 1_
a Заглавие Памятник М. И. Кутузову
f Первые сведения об ответственности Александр Александрович Смирнов
g Последующие сведения об ответственности редактор О. Тимофеев
203 Вид содержания и тип средства __
a Вид содержания Текст
b Характеристика содержания визуальный
c Тип средства непосредственный
210 Выходные данные 1_
a Место издания Москва
c Издательство Московский рабочий
d Дата издания 1986
215 Физическое описание __
a Объем 75 с.
c Иллюстрации/тип воспроизводства ил., фото
d Формат 16 см
225 Серия 1_
a Серия Биография московского памятника
320 Библиография __
a Библиография Библиогр.: с. 74
606 Тематические рубрики 0_
a Основная рубрика История России
610 Ключевые слова 0_
a Ключевые слова великие полководцы
610 Ключевые слова 0_
a Ключевые слова памятники героям
610 Ключевые слова 0_
a Ключевые слова история памятников
610 Ключевые слова 0_
a Ключевые слова Кутузов
686 Индексы других классификаций __
a Классификационный индекс 63.3(2)47
2 Код системы rubbk
700 Автор _1
a Фамилия Смирнов
b Имя (инициалы) А. А.
g Полное личное имя Александр Александрович
702 Вторичная интеллектуальная ответственность _1
a Фамилия Тимофеев
b Имя (инициалы) О.
4 Код отношения 340
801 Источник записи _0
a Страна RU
b Организация RuCBSGrad
c Дата составления 20260324
g Правила каталогизации RCR
801 Источник записи _1
a Страна RU
b Организация RuCBSGrad
c Дата составления 20260324
g Правила каталогизации RCR
852 Данные о местонахождении __
a Наименование организации МБУК "ЦБС г.Димитровграда"
i Авторский знак С 50
z Тип записи R
901 Тип документа __
t Тип документа m
909 Создатель записи __
a Создатель записи Гонюкова
b Дата создания записи 20260324